000 01076cam a2200313 a 4500
001 2466452
003 OSt
005 20230619102810.0
008 900424s1986 ii f000 0 eng
010 _a 89906361
020 _cRs100.00
025 _aI E 61509
040 _aDLC
_cDLC
_dDLC
_dDLC
041 0 _aenghin
043 _aa-ii---
_ab------
050 0 0 _aJQ259
_b.U57 1986
082 0 0 _a060.4/2
_220
_bKAS
245 0 0 _aUnparliamentary expressions.
260 _aNew Delhi :
_bLok Sabha Secretariat,
_c1986.
300 _av, 243 p. ;
_c25 cm.
500 _aEnglish and Hindi; prefatory matter in English.
500 _aCompilation with reference to legislative bodies in India and some countries of the Commonwealth of Nations.
650 0 _aUnparliamentary language
_zIndia.
650 0 _aUnparliamentary language
_zCommonwealth countries.
710 1 _aIndia.
_bParliament.
_bLok Sabha.
_bSecretariat.
906 _a7
_bcbc
_corignew
_d3
_encip
_f19
_gy-gencatlg
942 _2ddc
_cBK
999 _c1200
_d1200